MARC details
| 000 -LEADER |
| fixed length control field |
02846cam a2200541 i 4500 |
| 001 - CONTROL NUMBER |
| control field |
2025029730 |
| 003 - CONTROL NUMBER IDENTIFIER |
| control field |
DLC |
| 005 - DATE AND TIME OF LATEST TRANSACTION |
| control field |
20251202123249.0 |
| 007 - PHYSICAL DESCRIPTION FIXED FIELD--GENERAL INFORMATION |
| fixed length control field |
t| |
| 008 - FIXED-LENGTH DATA ELEMENTS--GENERAL INFORMATION |
| fixed length control field |
250919s2025 nyu 000 1 eng |
| 010 ## - LIBRARY OF CONGRESS CONTROL NUMBER |
| LC control number |
2025029730 |
| 020 ## - INTERNATIONAL STANDARD BOOK NUMBER |
| International Standard Book Number |
9780063293441 |
| Qualifying information |
(hardback) |
| 020 ## - INTERNATIONAL STANDARD BOOK NUMBER |
| Cancelled/invalid ISBN |
9780063293458 |
| Qualifying information |
(paperback) |
| 020 ## - INTERNATIONAL STANDARD BOOK NUMBER |
| Cancelled/invalid ISBN |
9780063441972 |
| Qualifying information |
(paperback ; |
| -- |
large print) |
| 020 ## - INTERNATIONAL STANDARD BOOK NUMBER |
| Cancelled/invalid ISBN |
9780063293472 |
| Qualifying information |
(ebook) |
| 020 ## - INTERNATIONAL STANDARD BOOK NUMBER |
| Cancelled/invalid ISBN |
9780063293489 |
| 035 ## - SYSTEM CONTROL NUMBER |
| System control number |
(OCoLC)1530171080 |
| 040 ## - CATALOGING SOURCE |
| Original cataloging agency |
DLC |
| Language of cataloging |
eng |
| Description conventions |
rda |
| Transcribing agency |
DLC |
| Modifying agency |
DLC-MRC |
| -- |
TnLvILS |
| 042 ## - AUTHENTICATION CODE |
| Authentication code |
pcc |
| 043 ## - GEOGRAPHIC AREA CODE |
| Geographic area code |
n-us-ga |
| 050 00 - LIBRARY OF CONGRESS CALL NUMBER |
| Classification number |
PS3551.T49 |
| Item number |
E94 2025 |
| 082 04 - DEWEY DECIMAL CLASSIFICATION NUMBER |
| Classification number |
813/.54 |
| Edition number |
23/eng/20251020 |
| 092 ## - LOCALLY ASSIGNED DEWEY CALL NUMBER (OCLC) |
| Classification number |
fiction |
| Item number |
Atkins, Ace |
| 100 1# - MAIN ENTRY--PERSONAL NAME |
| Personal name |
Atkins, Ace |
| Relator term |
author |
| Relator code |
aut |
| -- |
http://id.loc.gov/vocabulary/relators/ aut |
| 9 (RLIN) |
47122 |
| 245 10 - TITLE STATEMENT |
| Title |
Everybody wants to rule the world : |
| Remainder of title |
a novel / |
| Statement of responsibility, etc |
Ace Atkins. |
| 250 ## - EDITION STATEMENT |
| Edition statement |
First edition. |
| 264 #1 - Production, Publication, Distribution, Manufacture, and Copyright Notice. |
| Place of production, publication, distribution, manufacture |
New York, NY : |
| Name of producer, publisher, distributor, manufacturer |
William Morrow, an imprint of HarperCollinsPublishers, |
| Date of production, publication, distribution, manufacture, or copyr |
[2025] |
| 300 ## - PHYSICAL DESCRIPTION |
| Extent |
356 pages ; |
| Dimensions |
24 cm |
| 336 ## - Content Type |
| Content type term |
text |
| 337 ## - Media type |
| Media type term |
unmediated |
| 338 ## - Carrier type |
| Carrier type term |
volume |
| 520 ## - SUMMARY, ETC. |
| Summary, etc |
"It's 1985, what will soon become known as 'The Year of the Spy,' and fourteen-year-old Peter Bennett is convinced his mom's new boyfriend is a Russian agent. 'Gary' isn't in the phone book, has an unidentifiable European accent, and keeps a gun in the glove box of his convertible Porsche. Peter thinks Gary only wants to get close to his mom because she works at Scientific Atlanta, a lab with big government contracts. But who is going to believe him? He's just a kid into BMX and MTV. But after another woman who works at the lab is killed, Peter recruits an unlikely pair of allies--a has-been pulp writer and muckraker named Dennis Hotchner and his drag performer buddy and heavy, Jackie Demure. Both soon become the target of an unhinged Russian hitman (Is it Gary? Maybe!) with a serious Phil Collins obsession"-- |
| 610 10 - SUBJECT ADDED ENTRY--CORPORATE NAME |
| Corporate name or jurisdiction name as entry element |
Soviet Union. |
| Subordinate unit |
Komitet gosudarstvennoy bezopasnosti |
| Form subdivision |
Fiction. |
| 9 (RLIN) |
6556822 |
| 650 #0 - SUBJECT ADDED ENTRY--TOPICAL TERM |
| Topical term or geographic name as entry element |
Women scientists |
| Form subdivision |
Fiction. |
| 9 (RLIN) |
5717138 |
| 650 #0 - SUBJECT ADDED ENTRY--TOPICAL TERM |
| Topical term or geographic name as entry element |
Novelists |
| Form subdivision |
Fiction. |
| 9 (RLIN) |
5685521 |
| 650 #0 - SUBJECT ADDED ENTRY--TOPICAL TERM |
| Topical term or geographic name as entry element |
Drag queens |
| Form subdivision |
Fiction. |
| 9 (RLIN) |
6423135 |
| 650 #0 - SUBJECT ADDED ENTRY--TOPICAL TERM |
| Topical term or geographic name as entry element |
Cold War |
| Form subdivision |
Fiction. |
| 9 (RLIN) |
5738171 |
| 650 #0 - SUBJECT ADDED ENTRY--TOPICAL TERM |
| Topical term or geographic name as entry element |
Spy stories. |
| 9 (RLIN) |
92075 |
| 651 #0 - SUBJECT ADDED ENTRY--GEOGRAPHIC NAME |
| Geographic name |
Atlanta (Ga.) |
| General subdivision |
Social life and customs |
| Chronological subdivision |
20th century |
| Form subdivision |
Fiction. |
| 9 (RLIN) |
6556605 |
| 655 #7 - INDEX TERM--GENRE/FORM |
| Genre/form data or focus term |
Spy fiction. |
| Source of term |
lcgft |
| 9 (RLIN) |
5700151 |
| 655 #7 - INDEX TERM--GENRE/FORM |
| Genre/form data or focus term |
Action and adventure fiction. |
| Source of term |
lcgft |
| 655 #7 - INDEX TERM--GENRE/FORM |
| Genre/form data or focus term |
Historical fiction. |
| Source of term |
lcgft |
| 655 #7 - INDEX TERM--GENRE/FORM |
| Genre/form data or focus term |
Humorous fiction. |
| Source of term |
lcgft |
| 655 #7 - INDEX TERM--GENRE/FORM |
| Genre/form data or focus term |
Thrillers (Fiction) |
| Source of term |
lcgft |
| 655 #7 - INDEX TERM--GENRE/FORM |
| Genre/form data or focus term |
Novels |
| Source of term |
lcgft |
| 776 1# - ADDITIONAL PHYSICAL FORM ENTRY |
| Display text |
Online version |
| Main entry heading |
Atkins, Ace |
| Title |
Everybody wants to rule the world |
| Edition |
First edition |
| Place, publisher, and date of publication |
New York : William Morrow, an imprint of HarperCollinsPublishers, 2025 |
| International Standard Book Number |
9780063293472 |
| Record control number |
(DLC) 2025029731 |
| 942 ## - ADDED ENTRY ELEMENTS (KOHA) |
| Source of classification or shelving scheme |
Dewey Decimal Classification |
| Koha item type |
BOOK |